| 000 | 00404nam a2200145Ia 4500 | ||
|---|---|---|---|
| 008 | 231217s9999 xx 000 0 und d | ||
| 041 | _aEnglish | ||
| 082 | _a001.642 BAL1;1 R | ||
| 100 | _aBalakrishna Prasad, P | ||
| 245 | 0 | _aOperating systems and systems programming | |
| 260 |
_c2004 _bScientech _aChennai |
||
| 300 | _a17.10+40 | ||
| 650 | _aOperating,systems,systems,programming | ||
| 942 | _cAA | ||
| 999 |
_c174703 _d174703 |
||